Stratégie posudzovania bezpečnosti a rizík

Bibliographic Details
Format: Article
Language:Slovak

MARC

LEADER 00000nab a2200000uu 4500
001 vtls011126142
003 SK-MaSNL
005 20260225200309.0
008 230218|2004 xo |||||||||||||||||slo|
015 |a SNBRB 
035 |a (uuid)61f7054c-3095-41a8-826c-79436c3c40eb 
035 |a (urnnbn)urn:nbn:sk:snk:ar-a09ee6 
035 |a urn:nbn:sk:snk-aba3ic 
040 |a SNKBUCL  |b slo  |c SNKBUCL  |e AACR2 
041 0 |a slo 
044 |a xo  |c SK 
245 0 0 |a Stratégie posudzovania bezpečnosti a rizík 
773 0 |t eFocus : špecializovaný časopis o znalostnej ekonomike a informačných technológiách  |g Roč. 4, č. 2 (2004), s. 15-16 
954 |a odborná, vedecká literatúra pôvodná (slovenská)  |2 lita 
958 |a OND 
958 |a EUIPO 
958 |a article13 
999 |c 1955733  |d 1957663